আল্লাহর বিভিন্ন প্রকার সৃষ্টি সম্পর্কে চিন্তাভাবনা / (Record no. 74154)
[ view plain ]
| 000 -LEADER | |
|---|---|
| fixed length control field | 00905nam a2200229 a 4500 |
| 001 - CONTROL NUMBER | |
| control field | 74154 |
| 003 - CONTROL NUMBER IDENTIFIER | |
| rucl marc code | BD-RjUL |
| 005 - DATE AND TIME OF LATEST TRANSACTION | |
| control field | 20211209082513.0 |
| 008 - FIXED-LENGTH DATA ELEMENTS--GENERAL INFORMATION | |
| fixed length control field | 180311s2012 bg ||||| |||| 000 0 ben d |
| 020 ## - INTERNATIONAL STANDARD BOOK NUMBER | |
| International Standard Book Number | 984701505498 |
| Terms of availability | Tk. 150.00 |
| 035 ## - SYSTEM CONTROL NUMBER | |
| System control number | (BD-RjUL)74372 |
| 040 ## - CATALOGING SOURCE | |
| Original cataloging agency | BD-RjUL |
| Language of cataloging | eng |
| Transcribing agency | BD-RjUL |
| 041 ## - LANGUAGE CODE | |
| Language code of text/sound track or separate title | ben |
| 082 ## - DEWEY DECIMAL CLASSIFICATION NUMBER | |
| Edition number | 23 |
| Classification number | 297.242 |
| Author mark and year | TAA 2012 |
| 100 1# - MAIN ENTRY--PERSONAL NAME | |
| Personal name | তারিক, মোঃ হাসান |
| 9 (RLIN) | 220474 |
| 245 10 - TITLE STATEMENT | |
| Title | আল্লাহর বিভিন্ন প্রকার সৃষ্টি সম্পর্কে চিন্তাভাবনা / |
| Statement of responsibility, etc. | মোঃ হাসান তারিক (রানা) |
| 260 ## - PUBLICATION, DISTRIBUTION, ETC. (IMPRINT) | |
| Place of publication, distribution, etc. | ঢাকা : |
| Name of publisher, distributor, etc. | অনন্যা , |
| Date of publication, distribution, etc. | ২০১২ |
| 300 ## - PHYSICAL DESCRIPTION | |
| Pagination | ৯৬ পৃ. ; |
| Size | ২২ সে্মি. |
| 650 ## - SUBJECT ADDED ENTRY--TOPICAL TERM | |
| Topical term or geographic name as entry element | সৃষ্টিতত্ব |
| Form subdivision | ইসলাম |
| 9 (RLIN) | 124968 |
| Topical term or geographic name as entry element | cosmogony |
| Form subdivision | Islam |
| 9 (RLIN) | 220475 |
| 942 ## - ADDED ENTRY ELEMENTS (KOHA) | |
| Source of classification or shelving scheme | Dewey Decimal Classification |
| Koha item type | Books |
| Lost status | Source of classification or shelving scheme | Damaged status | Not for loan | Collection code | Permanent Location | Current Location | Shelving location | Date acquired | Source of acquisition | Cost, normal purchase price | Total Checkouts | Full call number | Date last seen | Copy number | Koha item type |
|---|---|---|---|---|---|---|---|---|---|---|---|---|---|---|---|
| Dewey Decimal Classification | Not For Loan | Non-fiction | Central Library, University of Rajshahi | Central Library, University of Rajshahi | Reading Room | 27/11/2017 | Author | 150.00 | B 297.242 TAA 2012 | 11/03/2018 | C-1 | Books | |||
| Dewey Decimal Classification | Non-fiction | Central Library, University of Rajshahi | Central Library, University of Rajshahi | 27/11/2017 | Author | 150.00 | B 297.242 TAA 2012 | 11/03/2018 | C-2 | Books | |||||
| Dewey Decimal Classification | Non-fiction | Central Library, University of Rajshahi | Central Library, University of Rajshahi | 27/11/2017 | Author | 150.00 | B 297.242 TAA 2012 | 11/03/2018 | C-3 | Books | |||||
| Dewey Decimal Classification | Non-fiction | Central Library, University of Rajshahi | Central Library, University of Rajshahi | 27/11/2017 | Author | 150.00 | B 297.242 TAA 2012 | 11/03/2018 | C-4 | Books | |||||
| Dewey Decimal Classification | Non-fiction | Central Library, University of Rajshahi | Central Library, University of Rajshahi | 27/11/2017 | Author | 150.00 | B 297.242 TAA 2012 | 11/03/2018 | C-5 | Books |